Musical Artists and Bands With Bird Names - Statistics

General Stats
  • This quiz has been taken 176 times
    77 since last reset
  • The average score is 7 of 15
Answer Stats
Clue Artist % Correct
"Peaceful Easy Feeling", "Desperado" Eagles
91%
"Turn! Turn! Turn!", "Mr. Tambourine Man" The Byrds
84%
"For Your Love", "Heart Full of Soul", Clapton, Page, Beck The Yardbirds
69%
"All I Wanna Do", "If It Makes You Happy" Sheryl Crow
66%
"I Ran (So Far Away)", "Wishing (If I Had a Photograph of You)" A Flock of Seagulls
63%
"Mr. Jones", "Around Here", "A Long December" Counting Crows
59%
"Hard to Handle", "She Talks to Angels" The Black Crowes
50%
"Fireflies", "When Can I See You Again?" Owl City
49%
"Save Tonight" Eagle-Eye Cherry
43%
"I Only Have Eyes for You", doo-wop The Flamingos
24%
"Earth Angel", doo-wop The Penguins
24%
Josh Homme side project who were attacked at the Bataclan Eagles of Death Metal
23%
Space rock band Lemmy was in before Motorhead Hawkwind
21%
Josh Homme side project with Dave Grohl and John Paul Jones Them Crooked Vultures
19%
Experimental noise rock: The Seer, To Be Kind Swans
10%
No matching quizzes found
Score Distribution
Percent of People with Each Score
Percentile by Number Answered
Your Score History
You have not taken this quiz since the last reset